|
|
|
|
| LEADER |
00613cam a2200169 7i4500 |
| 001 |
0000019490 |
| 005 |
20081023090000.0 |
| 008 |
071213 bm |
| 040 |
|
|
|a UM
|
| 050 |
0 |
0 |
|a L584.S4 STA 2004
|
| 090 |
0 |
0 |
|a L584.S4
|b S73 2004
|
| 245 |
1 |
0 |
|a Statistik Pendidikan Negeri Selangor 2004
|c Jabatan Pendidikan Negeri Selangor.
|
| 260 |
|
|
|a Shah Alam:
|b Jabatan Pendidikan Negeri Selangor,
|c 2003.
|
| 300 |
|
|
|a vi, 71 p.:
|b ill.;
|c 21 cm.
|
| 650 |
0 |
0 |
|a Education --
|x Selangor --
|x Statistics
|
| 710 |
2 |
|
|a Jabatan Pendidikan Negeri Selangor
|
| 999 |
|
|
|a MAL0000150
|b BOK
|c MALAYSIANA
|e Ground Floor, Bestari Jaya
|